书目信息 |
| 题名: |
现代脉冲激光测距技术
|
|
| 作者: | 周冰 , 黄富瑜 , 徐春梅 编著 | |
| 分册: | ||
| 出版信息: | 北京 电子工业出版社 2016 |
|
| 页数: | 248页 | |
| 开本: | 24cm | |
| 丛书名: | ||
| 单 册: | ||
| 中图分类: | P225.2 | |
| 科图分类: | ||
| 主题词: | 激光测距--Ji Guang Ce Ju | |
| 电子资源: | ||
| ISBN: | 978-7-121-30344-9 | |
| 000 | 01759nam0 2200349 450 | |
| 001 | 012001003202 | |
| 005 | 20140129140303.0 | |
| 010 | @a978-7-121-30344-9@dCNY78.00 | |
| 092 | @aCN@b三新KJ1151-0041 | |
| 099 | @aCAL 012017041233 | |
| 100 | @a20170330d2016 em y0chiy50 ea | |
| 101 | 0 | @achi |
| 102 | @aCN@b110000 | |
| 105 | @aak a 000yy | |
| 106 | @ar | |
| 200 | 1 | @a现代脉冲激光测距技术@AXian Dai Mai Chong Ji Guang Ce Ju Ji Shu@f周冰, 黄富瑜, 徐春梅编著 |
| 210 | @a北京@c电子工业出版社@d2016 | |
| 215 | @a248页@c图@d24cm | |
| 300 | @a军队“2110工程”资助出版 | |
| 312 | @a英文并列题名取自封面 | |
| 314 | @a周冰, 中国人民解放军军械工程学院电子与光学工程系副教授, 硕士生导师、博士研究生学历。 | |
| 320 | @a有书目 | |
| 330 | @a全书共分5章。第1章:绪论,介绍激光测距技术的主要类型及各自特点。第2章:经典脉冲激光测距原理及组成,介绍脉冲激光测距技术的基本原理、激光发射机、激光接收机、 应用和发展概况。第3章:高精度脉冲激光测距技术,介绍脉冲式激光测距系统的测距误差、激光光源的脉宽控制、精确脉冲到达时刻鉴别、精密时间间隔测量。第4章:超远程脉冲激光测距技术,介绍超远程脉冲激光测距基本理论、单光子探测技术、微弱回波信号检测技术、基于事件计时器的时间间隔测量。第5章:飞秒脉冲激光频率梳绝对距离测量,介绍飞秒光频梳测距技术发展概况、飞秒光频梳及其产生、 光频梳绝对距离测量技术基础、飞秒光频梳测距方法、光梳多波长干涉测距的波长选择和相位信息提取方法。 | |
| 333 | @a可作为相关专业学生了解脉冲激光测距技术发展前沿动态的教材 | |
| 510 | 1 | @aModern pulsed laser ranging technology@zeng |
| 606 | 0 | @a激光测距@AJi Guang Ce Ju |
| 690 | @aP225.2@v5 | |
| 701 | 0 | @a周冰@AZhou Bing@4编著 |
| 701 | 0 | @a黄富瑜@AHuang Fu Yu@4编著 |
| 701 | 0 | @a徐春梅@AXu Chun Mei@4编著 |
| 801 | 2 | @aCN@b北京卓展@c20191020 |
| 905 | @b1210752-5@dP225.2@e324@f4 | |
| 现代脉冲激光测距技术/周冰, 黄富瑜, 徐春梅编著.-北京:电子工业出版社,2016 |
| 248页:图;24cm |
| 军队“2110工程”资助出版.-使用对象:可作为相关专业学生了解脉冲激光测距技术发展前沿动态的教材 |
| ISBN 978-7-121-30344-9:CNY78.00 |
| 全书共分5章。第1章:绪论,介绍激光测距技术的主要类型及各自特点。第2章:经典脉冲激光测距原理及组成,介绍脉冲激光测距技术的基本原理、激光发射机、激光接收机、 应用和发展概况。第3章:高精度脉冲激光测距技术,介绍脉冲式激光测距系统的测距误差、激光光源的脉宽控制、精确脉冲到达时刻鉴别、精密时间间隔测量。第4章:超远程脉冲激光测距技术,介绍超远程脉冲激光测距基本理论、单光子探测技术、微弱回波信号检测技术、基于事件计时器的时间间隔测量。第5章:飞秒脉冲激光频率梳绝对距离测量,介绍飞秒光频梳测距技术发展概况、飞秒光频梳及其产生、 光频梳绝对距离测量技术基础、飞秒光频梳测距方法、光梳多波长干涉测距的波长选择和相位信息提取方法。 |
| ● |
| 相关链接 |
|
|
|
|
正题名:现代脉冲激光测距技术
索取号:P225.2/324
 
预约/预借
| 序号 | 登录号 | 条形码 | 馆藏地/架位号 | 状态 | 备注 |
| 1 | 1210752 | 212107520 | 第二样本阅览室/ [索取号:P225.2/324] | 在馆 | |
| 2 | 1210753 | 212107539 | 第三借阅区/ [索取号:P225.2/324] | 在馆 | |
| 3 | 1210754 | 212107548 | 第三借阅区/ [索取号:P225.2/324] | 在馆 | |
| 4 | 1210755 | 212107557 | 第三借阅区/ [索取号:P225.2/324] | 在馆 |